| 000 | 00699nam a2200253Ia 4500 | ||
|---|---|---|---|
| 005 | 20250425160757.0 | ||
| 008 | 250425s9999 xx 000 0 und d | ||
| 020 | _a8420004480 | ||
| 041 | _aspa | ||
| 082 | _a664.906 | ||
| 100 | _aGERHARDT, ULRICH | ||
| 245 | 0 | _aADITIVOS E INGREDIENTES: COMO COADYUVANTES DE LA "KUTTER", EMULGENTES Y ESTABILIZADORES DE PRODUCTOS CARNICOS | |
| 250 | _a1A ED. | ||
| 260 |
_aEspaƱa _bACRIBIA _c1980 |
||
| 260 | _aZARAGOZA | ||
| 300 | _a148 | ||
| 500 | _aCONSULTAR 27345 EN BIBTEC | ||
| 650 | _aADITIVOS PARA ALIMENTOS | ||
| 650 | _aEMULSIFICANTES | ||
| 650 | _aESTABILIZADORES | ||
| 650 | _aPRODUCTOS DE LA CARNE | ||
| 942 | _c01 | ||
| 010 | _a5002 | ||
| 999 |
_c195945 _d195945 |
||